Impartiality and the party wall surveyor (Record no. 67449)

MARC details
000 -LEADER
fixed length control field 00969cam a2200217 4500
001 - CONTROL NUMBER
control field ABS64078
008 - FIXED-LENGTH DATA ELEMENTS--GENERAL INFORMATION
fixed length control field 000000n2001 000 0 eng u
035 ## - SYSTEM CONTROL NUMBER
System control number (Sirsi) u113245
100 ## - MAIN ENTRY--PERSONAL NAME
Personal name Chynoweth, P.
245 ## - TITLE STATEMENT
Title Impartiality and the party wall surveyor
260 ## - PUBLICATION, DISTRIBUTION, ETC.
Date of publication, distribution, etc. 2001
490 ## - SERIES STATEMENT
Series statement Construction Law Journal
Volume/sequential designation 17(1) 2001, 127-137(11)
520 ## - SUMMARY, ETC.
Summary, etc. Examines the legal basis of the role of party wall surveyors and their duties under the Party Wall Etc. Act 1996 and addresses whether they have a duty to represent the interests of their clients or to act impartially. Finds that the primary duty of party-appointed surveyors is to the appointing owner but that the agreed surveyor and the third surveyor who must be impartial. References, case law.
590 ## - LOCAL NOTE (RLIN)
Local note ABS
650 ## - SUBJECT ADDED ENTRY--TOPICAL TERM
Topical term or geographic name entry element IMPARTIALITY
650 ## - SUBJECT ADDED ENTRY--TOPICAL TERM
Topical term or geographic name entry element PARTY WALL ETC ACT 1996
650 ## - SUBJECT ADDED ENTRY--TOPICAL TERM
Topical term or geographic name entry element PARTY WALL SURVEYORS
650 ## - SUBJECT ADDED ENTRY--TOPICAL TERM
Topical term or geographic name entry element Party walls
9 (RLIN) 6258
690 ## - LOCAL SUBJECT ADDED ENTRY--TOPICAL TERM (OCLC, RLIN)
Topical term or geographic name as entry element Boundary disputes
9 (RLIN) 6221
942 ## - ADDED ENTRY ELEMENTS (KOHA)
Suppress in OPAC 0
Holdings
Withdrawn status Lost status Source of classification or shelving scheme Damaged status Not for loan Home library Current library Shelving location Date acquired Total Checkouts Full call number Barcode Date last seen Copy number Price effective from Koha item type
    Dewey Decimal Classification     London London Journal article 25/06/2001   ABS64078 113245-1001 06/08/2019 1 06/08/2019 Journal article